Statistics for Guess the Taylor Swift song!

Click here to take the quiz!

General Stats

  • This quiz has been taken 521 times
  • The average score is 188 of 307

Answer Stats

Answer% Correct
I
99%
a
97%
A
97%
you
97%
the
94%
me
90%
And
85%
and
85%
Your
85%
your
85%
love
81%
in
80%
In
80%
When
80%
on
79%
to
79%
it
78%
so
76%
youre
76%
of
75%
is
72%
No
72%
all
70%
All
70%
Im
70%
im
70%
For
69%
for
69%
that
69%
but
68%
But
68%
like
67%
they
67%
one
64%
can
63%
not
62%
say
62%
think
62%
are
61%
loved
61%
time
59%
its
58%
ive
58%
Ive
58%
Now
58%
now
58%
before
57%
Every
57%
every
57%
mine
57%
up
57%
girls
56%
why
56%
how
54%
Made
53%
made
53%
more
52%
with
52%
just
51%
need
51%
know
50%
some
50%
nights
49%
baby
48%
fallen
47%
out
46%
good
45%
heart
45%
late
45%
over
45%
thankful
45%
way
44%
end
43%
phone
43%
straight
43%
call
42%
knew
42%
street
42%
dead
40%
lead
40%
name
40%
fights
39%
remember
39%
someone
39%
theres
39%
alone
38%
goodbye
37%
around
36%
forever
36%
lame
36%
lady
35%
taught
35%
Thats
35%
Treat
35%
feelin
34%
here
34%
kind
34%
mother
34%
Cryin
33%
drawn
33%
hands
33%
into
33%
lines
33%
mornin
33%
parallel
33%
past
33%
someones
33%
town
33%
brought
32%
handwriting
32%
home
32%
Wake
32%
wanna
32%
bathroom
31%
dude
31%
everything
31%
feels
31%
Teenage
31%
loyal
30%
ones
30%
sixteen
29%
Stars
29%
whose
29%
wild
29%
woman
29%
killin
28%
teach
28%
aligned
27%
amazing
27%
Holdin
27%
intertwined
27%
Secret
27%
Sneakin
27%
Fake
26%
saying
25%
without
25%
jokes
24%
leave
24%
makeup
24%
makin
23%
ooh
23%
breakin
22%

Score Distribution

Percentile by Number Answered

Percent of People with Each Score

Your Score History

You have not taken this quiz